Letters of Udham Singh / (Record no. 24653)

MARC details
000 -LEADER
fixed length control field 00844cam a2200265 i 4500
001 - CONTROL NUMBER
control field 1759786
003 - CONTROL NUMBER IDENTIFIER
control field BDDh-ASL
005 - DATE AND TIME OF LATEST TRANSACTION
control field 20231015030408.0
008 - FIXED-LENGTH DATA ELEMENTS--GENERAL INFORMATION
fixed length control field 760427s1974 ii af b 000 0aeng
010 ## - LIBRARY OF CONGRESS CONTROL NUMBER
LC control number 75903879
020 ## - INTERNATIONAL STANDARD BOOK NUMBER
Terms of availability Rs25.00
040 ## - CATALOGING SOURCE
Original cataloging agency DLC
Transcribing agency DLC
Modifying agency DLC
-- BDDh-ASL
043 ## - GEOGRAPHIC AREA CODE
Geographic area code a-ii---
-- a-pk---
050 00 - LIBRARY OF CONGRESS CALL NUMBER
Classification number DS485.P2
Item number U33 1974
082 00 - DEWEY DECIMAL CLASSIFICATION NUMBER
Classification number 954.55035
Item number GRL
100 0# - MAIN ENTRY--PERSONAL NAME
Personal name Udham Singh,
Dates associated with a name 1899-1940.
245 10 - TITLE STATEMENT
Title Letters of Udham Singh /
Statement of responsibility, etc. edited by J. S. Grewal & H. K. Puri.
260 ## - PUBLICATION, DISTRIBUTION, ETC.
Place of publication, distribution, etc. Amritsar :
Name of publisher, distributor, etc. Guru Nanak University,
Date of publication, distribution, etc. 1974.
300 ## - PHYSICAL DESCRIPTION
Extent 104 p., [2] leaves of plates :
Other physical details ill. ;
Dimensions 22 cm.
504 ## - BIBLIOGRAPHY, ETC. NOTE
Bibliography, etc. note Bibliography: p. [101]-104.
600 00 - SUBJECT ADDED ENTRY--PERSONAL NAME
Personal name Udham Singh,
Dates associated with a name 1899-1940.
651 #0 - SUBJECT ADDED ENTRY--GEOGRAPHIC NAME
Geographic name Punjab (India)
General subdivision Politics and government
-- Sources.
906 ## - LOCAL DATA ELEMENT F, LDF (RLIN)
a 7
b cbc
c orignew
d 4
e ncip
f 19
g y-gencatlg
942 ## - ADDED ENTRY ELEMENTS (KOHA)
Source of classification or shelving scheme Dewey Decimal Classification
Koha item type Books
Holdings
Withdrawn status Lost status Source of classification or shelving scheme Damaged status Not for loan Collection code Home library Current library Shelving location Date acquired Source of acquisition Total Checkouts Full call number Barcode Date last seen Copy number Price effective from Koha item type
    Dewey Decimal Classification Damaged   Non-fiction Asiatic Society Library Asiatic Society Library General Stacks 04/27/2021 ASB Library Collections   954.55035 GRL 109292 04/27/2021 C-1 04/27/2021 Books

Powered by Koha